| 000 | 00685nam a2200253Ia 4500 | ||
|---|---|---|---|
| 001 | Para_5508 | ||
| 003 | CHAP | ||
| 008 | 220125s1949 xx 000 0 und d | ||
| 010 | _a203967 | ||
| 040 | _cCHAP | ||
| 090 | _aPA FOLLETO 2822 | ||
| 245 | _aControlling the japanese beetle | ||
| 260 |
_aWashington : _b Department of Agriculture |
||
| 300 | _a14 p. | ||
| 440 |
_aEUA. Dep. of Agri. Farmers'Bull.; 2004 _9169984 |
||
| 650 |
_aPopillia japonica Control de plagas _9168633 |
||
| 901 | _aPA FOLLETO 2822 | ||
| 902 | _aA | ||
| 905 | _a0000001949 WAS 0000000000 00 | ||
| 910 | _a1949 | ||
| 942 | _cPARA | ||
| 942 |
_cPARA _d1 |
||
| 999 |
_c203967 _d203967 |
||